Top 15 wrs in speedblox (mobile only) - Statistics

General Stats
  • This quiz has been taken 16 times
  • The average score is 6 of 15
Answer Stats
Hint Answer % Correct
471 wrs (imposs) hackmenotplease
100%
166 wrs komp_XL
78%
56 wrs MeProAtEverything5
56%
90 wrs D4rkPlayerz
44%
50 wrs fwampire
44%
125 wrs jesuisfr159
44%
19 wrs 0vxrflow
33%
15 wrs CarsonBoyz1
33%
31 wrs errorboynb
33%
66 wrs Hhoowwooddh
33%
31 wrs luvlyphoenixx
33%
19 wrs tedboixd
33%
226 wrs tiikaamiiiii
33%
28 wrs Ken7kl
22%
27 wrs preyforpreyforsteven
22%
No matching quizzes found
Score Distribution
Percent of People with Each Score
Percentile by Number Answered
Your Score History
You have not taken this quiz